| Tag |
First Indicator |
Second Indicator |
Subfields |
| LEADER |
00000cam a2200000 a 4500 |
| 001 |
in00000020924 |
| 005 |
20151007055527.0 |
| 008 |
871117s1988 nyua b 00100 eng |
| 010 |
|
|
|a 87032246
|
| 020 |
|
|
|a 0826153801
|
| 035 |
|
|
|a (OCoLC)17201527
|
| 035 |
|
|
|9 AAB8493AM
|
| 040 |
|
|
|a DLC
|c DLC
|d TXA
|d UtOrBLW
|
| 043 |
|
|
|a n-us---
|
| 049 |
|
|
|a TXAM
|c [A11650556]
|
| 050 |
0 |
0 |
|a HD7261
|b .S63 1988
|
| 082 |
0 |
|
|a 658.3/82
|2 19
|
| 245 |
0 |
0 |
|a Social work in the workplace :
|b practice and principles /
|c Gary M. Gould, Michael Lane Smith, editors.
|
| 264 |
|
1 |
|a New York :
|b Springer Pub. Co.,
|c [1988]
|
| 264 |
|
4 |
|c ©1988
|
| 300 |
|
|
|a xix, 362 pages :
|b illustrations ;
|c 24 cm.
|
| 336 |
|
|
|a text
|b txt
|2 rdacontent
|
| 337 |
|
|
|a unmediated
|b n
|2 rdamedia
|
| 338 |
|
|
|a volume
|b nc
|2 rdacarrier
|
| 490 |
1 |
|
|a Springer series on social work ;
|v vol. 11
|
| 504 |
|
|
|a Includes bibliographies and index.
|
| 650 |
|
0 |
|a Industrial welfare.
|
| 650 |
|
0 |
|a Industrial welfare
|z United States.
|
| 650 |
|
0 |
|a Employee assistance programs.
|
| 650 |
|
0 |
|a Employee assistance programs
|z United States.
|
| 700 |
1 |
|
|a Gould, Gary M.
|
| 700 |
1 |
|
|a Smith, Michael Lane.
|
| 830 |
|
0 |
|a Springer series on social work ;
|v v. 11.
|
| 999 |
|
|
|a MARS
|
| 999 |
f |
f |
|s edac88b6-da36-300f-b01e-297aaac1e56c
|i 6a007559-ccc2-3d33-bd4f-5492a3c57e55
|t 0
|
| 952 |
f |
f |
|p ric
|a Texas A&M University
|b Rellis Campus
|c Joint Library Facility
|d Remote Storage
|t 0
|e HD7261 .S63 1988
|h Library of Congress classification
|i unmediated -- volume
|m A14811650556
|
| 998 |
f |
f |
|a HD7261 .S63 1988
|t 0
|l Remote Storage
|